[Event "Greek Team Championship"]
[Site "chess24.com"]
[Date "2017.07.05"]
[Round "4"]
[White "Galani, Dimitra"]
[Black "Giannoulaki, Ermofili"]
[Result "1/2-1/2"]
[Board "7"]
[WhiteElo "1501"]
[WhiteCountry "GRE"]
[WhiteFideId "4283368"]
[WhiteEloChange "-7"]
[BlackElo "1220"]
[BlackCountry "GRE"]
[BlackFideId "25804278"]
[BlackEloChange "7"]

1. e4 {[%clk 1:30:51]} d6 {[%clk 1:30:55]} 2. d4 {[%clk 1:31:06]} e5 {[%clk
1:31:16]} 3. Nf3 {[%clk 1:29:53]} Nd7 {[%clk 1:31:39]} 4. Nc3 {[%clk 1:28:45]}
Ngf6 {[%clk 1:30:58]} 5. Bc4 {[%clk 1:28:16]} Be7 {[%clk 1:30:55]} 6. O-O {[%clk
1:28:16]} O-O {[%clk 1:30:58]} 7. Re1 {[%clk 1:28:15]} c6 {[%clk 1:30:11]} 8. a4
{[%clk 1:28:30]} a6 {[%clk 1:28:33]} 9. h3 {[%clk 1:27:09]} Rb8 {[%clk 1:28:09]}
10. d5 {[%clk 1:26:24]} a5 {[%clk 1:26:08]} 11. Bb3 {[%clk 1:14:41]} Nc5 {[%clk
1:22:34]} 12. dxc6 {[%clk 1:03:18]} bxc6 {[%clk 1:22:28]} 13. Bc4 {[%clk
1:03:27]} Qc7 {[%clk 1:16:50]} 14. b3 {[%clk 0:53:30]} Bb7 {[%clk 1:11:35]} 15.
Bf1 {[%clk 0:50:57]} Rfd8 {[%clk 1:08:10]} 16. Bb2 {[%clk 0:51:16]} Bf8 {[%clk
0:54:02]} 17. Qd2 {[%clk 0:49:40]} Rd7 {[%clk 0:49:05]} 18. Qg5 {[%clk 0:46:20]}
Be7 {[%clk 0:42:38]} 19. Qe3 {[%clk 0:40:54]} Qb6 {[%clk 0:37:20]} 20. Rad1
{[%clk 0:39:50]} Ba6 {[%clk 0:33:29]} 21. Bxa6 {[%clk 0:37:19]} Nxa6 {[%clk
0:33:37]} 22. Qxb6 {[%clk 0:37:12]} Rxb6 {[%clk 0:34:01]} 23. Ba3 {[%clk
0:36:36]} Nb4 {[%clk 0:30:10]} 24. Re2 {[%clk 0:35:20]} Rb8 {[%clk 0:27:17]} 25.
Red2 {[%clk 0:32:42]} Rbd8 {[%clk 0:27:04]} 26. Bc1 {[%clk 0:24:34]} h6 {[%clk
0:21:28]} 27. Re2 {[%clk 0:23:44]} Rc8 {[%clk 0:18:09]} 28. Bb2 {[%clk 0:17:43]}
Rcd8 {[%clk 0:15:23]} 29. Nb1 {[%clk 0:15:52]} Rc8 {[%clk 0:14:17]} 30. Na3
{[%clk 0:16:07]} Ra7 {[%clk 0:10:24]} 31. Nc4 {[%clk 0:16:27]} Rd8 {[%clk
0:10:29]} 32. Bc1 {[%clk 0:15:37]} Na2 {[%clk 0:08:04]} 33. Bb2 {[%clk 0:15:22]}
Ra6 {[%clk 0:07:07]} 34. Ba1 {[%clk 0:14:05]} d5 {[%clk 0:03:38]} 35. Ncxe5
{[%clk 0:12:36]} Nxe4 {[%clk 0:03:41]} 36. Re3 {[%clk 0:07:16]} Bf6 {[%clk
0:02:15]} 37. Red3 {[%clk 0:00:36]} Nb4 {[%clk 0:01:05]} 38. Re3 {[%clk 0:00:39]}
Nxc2 {[%clk 0:01:04]} 39. Re2 {[%clk 0:00:52]} Nxa1 {[%clk 0:01:05]} 40. Rxa1
{[%clk 0:30:57]} Nc5 {[%clk 0:31:01]} 41. Rc1 {[%clk 0:27:19]} Bxe5 {[%clk
0:27:40]} 42. Nxe5 {[%clk 0:19:22]} Nxb3 {[%clk 0:24:36]} 43. Rxc6 {[%clk
0:19:10]} Rxc6 {[%clk 0:23:27]} 44. Nxc6 {[%clk 0:19:34]} Rd7 {[%clk 0:21:21]}
45. Rb2 {[%clk 0:17:37]} Nc5 {[%clk 0:18:03]} 46. Rb5 {[%clk 0:12:12]} Nxa4
{[%clk 0:17:39]} 47. Rxa5 {[%clk 0:12:30]} Nc3 {[%clk 0:16:55]} 48. Ra8+ {[%clk
0:12:05]} Kh7 {[%clk 0:17:04]} 49. Nd4 {[%clk 0:11:04]} Re7 {[%clk 0:15:10]} 50.
Kf1 {[%clk 0:10:57]} Re4 {[%clk 0:12:59]} 51. Nf3 {[%clk 0:10:47]} Rb4 {[%clk
0:08:22]} 52. g4 {[%clk 0:08:55]} Rb1+ {[%clk 0:07:10]} 53. Kg2 {[%clk 0:09:22]}
Rb2 {[%clk 0:06:39]} 54. Ne1 {[%clk 0:08:55]} Ne4 {[%clk 0:05:56]} 55. Nd3 {[%clk
0:09:19]} Rd2 {[%clk 0:06:14]} 56. Ra3 {[%clk 0:09:26]} d4 {[%clk 0:06:06]} 57.
Kf3 {[%clk 0:09:31]} Ng5+ {[%clk 0:06:13]} 58. Kg3 {[%clk 0:10:00]} Ne4+ {[%clk
0:06:34]} 59. Kf3 {[%clk 0:10:27]} Ng5+ {[%clk 0:06:42]} 60. Kg3 {[%clk 0:10:29]}
Ne4+ {[%clk 0:06:27]} 61. Kf3 {[%clk 0:10:41]} 1/2-1/2

[Event "Greek Team Championship"]
[Site "chess24.com"]
[Date "2017.07.05"]
[Round "4"]
[White "Karzias, Christos"]
[Black "Paterakis, Emmanouil"]
[Result "0-1"]
[Board "8"]
[WhiteElo "1718"]
[WhiteCountry "GRE"]
[WhiteFideId "4254902"]
[WhiteEloChange "-6"]
[BlackElo "1857"]
[BlackCountry "GRE"]
[BlackFideId "4259718"]
[BlackEloChange "6"]

1. d4 {[%clk 1:30:16]} d6 {[%clk 1:30:41]} 2. c4 {[%clk 1:30:26]} e5 {[%clk
1:31:05]} 3. d5 {[%clk 1:23:37]} f5 {[%clk 1:31:31]} 4. Nc3 {[%clk 1:23:58]} Nf6
{[%clk 1:31:44]} 5. f3 {[%clk 1:21:15]} a5 {[%clk 1:24:55]} 6. e4 {[%clk
1:21:19]} Na6 {[%clk 1:24:48]} 7. Bd3 {[%clk 1:13:54]} g6 {[%clk 1:24:45]} 8. Qe2
{[%clk 1:07:10]} Bg7 {[%clk 1:22:09]} 9. exf5 {[%clk 0:57:43]} gxf5 {[%clk
1:22:02]} 10. Nh3 {[%clk 0:57:52]} O-O {[%clk 1:15:31]} 11. Nf2 {[%clk 0:48:21]}
Qe8 {[%clk 1:10:18]} 12. Be3 {[%clk 0:47:05]} Nb4 {[%clk 1:09:42]} 13. Bb1 {[%clk
0:42:07]} c6 {[%clk 1:05:15]} 14. a3 {[%clk 0:42:19]} Na6 {[%clk 1:05:42]} 15.
Bc2 {[%clk 0:37:17]} cxd5 {[%clk 1:01:23]} 16. cxd5 {[%clk 0:37:26]} Bd7 {[%clk
1:01:36]} 17. O-O {[%clk 0:35:49]} b5 {[%clk 1:00:09]} 18. Bd3 {[%clk 0:34:51]}
Nc7 {[%clk 0:56:48]} 19. Rfd1 {[%clk 0:30:39]} Rb8 {[%clk 0:45:39]} 20. b4 {[%clk
0:28:25]} e4 {[%clk 0:35:04]} 21. fxe4 {[%clk 0:25:48]} fxe4 {[%clk 0:35:14]} 22.
Ncxe4 {[%clk 0:18:30]} Nxe4 {[%clk 0:33:47]} 23. Bxe4 {[%clk 0:18:55]} Bxa1
{[%clk 0:27:34]} 24. Rxa1 {[%clk 0:19:21]} Bf5 {[%clk 0:27:38]} 25. Qd3 {[%clk
0:17:51]} Qg6 {[%clk 0:27:31]} 26. Qd4 {[%clk 0:17:14]} Rbe8 {[%clk 0:26:13]} 27.
Bf3 {[%clk 0:17:19]} Re7 {[%clk 0:18:47]} 28. bxa5 {[%clk 0:16:13]} Ne8 {[%clk
0:17:31]} 29. Bd2 {[%clk 0:15:51]} Bc2 {[%clk 0:16:55]} 30. Bf4 {[%clk 0:15:11]}
Ref7 {[%clk 0:16:45]} 31. Bg3 {[%clk 0:15:33]} h5 {[%clk 0:15:54]} 32. Re1 {[%clk
0:15:35]} Ng7 {[%clk 0:15:53]} 33. Qh4 {[%clk 0:14:35]} Rc8 {[%clk 0:13:45]} 34.
Qb4 {[%clk 0:10:53]} Nf5 {[%clk 0:11:11]} 35. Re6 {[%clk 0:08:37]} Qg7 {[%clk
0:07:44]} 36. Bxh5 {[%clk 0:08:56]} Rf6 {[%clk 0:07:01]} 37. Bxd6 {[%clk
0:07:49]} Rxe6 {[%clk 0:06:59]} 38. dxe6 {[%clk 0:08:14]} Qa1+ {[%clk 0:07:13]}
39. Nd1 {[%clk 0:08:27]} Bxd1 {[%clk 0:07:27]} 40. Bf7+ {[%clk 0:38:19]} Kg7
{[%clk 0:36:51]} 0-1

[Event "Greek Team Championship"]
[Site "chess24.com"]
[Date "2017.07.05"]
[Round "4"]
[White "Triantafilidis, Mihail"]
[Black "Sotiropoulos, Anastasios-Theohar"]
[Result "0-1"]
[Board "9"]
[WhiteElo "1900"]
[WhiteCountry "GRE"]
[WhiteFideId "4282930"]
[WhiteEloChange "-14"]
[BlackElo "1757"]
[BlackCountry "GRE"]
[BlackFideId "4292243"]
[BlackEloChange "14"]

1. d4 {[%clk 1:30:34]} d5 {[%clk 1:30:55]} 2. c4 {[%clk 1:30:56]} e6 {[%clk
1:31:13]} 3. Nc3 {[%clk 1:31:21]} Nf6 {[%clk 1:31:39]} 4. cxd5 {[%clk 1:31:46]}
Nxd5 {[%clk 1:31:49]} 5. e4 {[%clk 1:32:09]} Nxc3 {[%clk 1:32:16]} 6. bxc3 {[%clk
1:32:36]} c5 {[%clk 1:32:41]} 7. Rb1 {[%clk 1:33:02]} Be7 {[%clk 1:27:19]} 8. Be3
{[%clk 1:29:24]} O-O {[%clk 1:26:44]} 9. Nf3 {[%clk 1:29:23]} Nd7 {[%clk
1:25:22]} 10. Bd3 {[%clk 1:26:43]} b6 {[%clk 1:24:20]} 11. e5 {[%clk 1:14:10]}
cxd4 {[%clk 1:20:56]} 12. cxd4 {[%clk 1:14:32]} Bb7 {[%clk 1:08:30]} 13. h4
{[%clk 1:14:09]} Bxf3 {[%clk 0:49:28]} 14. gxf3 {[%clk 1:03:50]} Rc8 {[%clk
0:41:07]} 15. Bg5 {[%clk 0:46:40]} Re8 {[%clk 0:31:50]} 16. Rg1 {[%clk 0:41:25]}
Bxg5 {[%clk 0:28:38]} 17. Rxg5 {[%clk 0:37:36]} Nf8 {[%clk 0:28:26]} 18. Qd2
{[%clk 0:27:02]} g6 {[%clk 0:27:54]} 19. Rg4 {[%clk 0:25:09]} Re7 {[%clk
0:24:14]} 20. Ke2 {[%clk 0:23:55]} Rec7 {[%clk 0:22:20]} 21. h5 {[%clk 0:22:07]}
Qe7 {[%clk 0:19:31]} 22. hxg6 {[%clk 0:21:30]} fxg6 {[%clk 0:19:34]} 23. Rbg1
{[%clk 0:21:38]} Qa3 {[%clk 0:18:31]} 24. Rh1 {[%clk 0:11:55]} Qc3 {[%clk
0:06:10]} 25. Rd1 {[%clk 0:06:32]} Qxd2+ {[%clk 0:06:06]} 26. Rxd2 {[%clk
0:06:51]} Kf7 {[%clk 0:04:28]} 27. Rh4 {[%clk 0:02:22]} Kg7 {[%clk 0:04:25]} 28.
Rg4 {[%clk 0:01:55]} Nd7 {[%clk 0:04:28]} 29. f4 {[%clk 0:02:07]} Kf7 {[%clk
0:02:39]} 30. Be4 {[%clk 0:01:53]} Rc4 {[%clk 0:02:42]} 31. f3 {[%clk 0:01:46]}
Rc1 {[%clk 0:01:49]} 32. Rh4 {[%clk 0:01:26]} Kg7 {[%clk 0:01:58]} 33. Rg4 {[%clk
0:01:55]} Rh1 {[%clk 0:01:46]} 34. Rg2 {[%clk 0:01:42]} Rh4 {[%clk 0:01:44]} 35.
Ke3 {[%clk 0:01:04]} Rc3+ {[%clk 0:01:59]} 36. Rd3 {[%clk 0:01:29]} Rc4 {[%clk
0:01:20]} 37. Rgd2 {[%clk 0:00:39]} Rc7 {[%clk 0:01:13]} 38. Rg2 {[%clk 0:00:51]}
Kf7 {[%clk 0:01:06]} 39. Rb2 {[%clk 0:00:53]} Ke7 {[%clk 0:01:08]} 40. Rbd2
{[%clk 0:30:44]} Rh1 {[%clk 0:30:47]} 41. Rb3 {[%clk 0:24:43]} Rhc1 {[%clk
0:25:45]} 42. Rh2 {[%clk 0:22:36]} Nf8 {[%clk 0:26:13]} 43. Ra3 {[%clk 0:12:55]}
R1c3+ {[%clk 0:22:16]} 44. Rxc3 {[%clk 0:13:19]} Rxc3+ {[%clk 0:22:44]} 45. Bd3
{[%clk 0:13:26]} Kf7 {[%clk 0:19:29]} 46. Ke4 {[%clk 0:11:08]} Ke7 {[%clk
0:18:46]} 47. Ke3 {[%clk 0:08:33]} Kf7 {[%clk 0:18:52]} 48. Ke4 {[%clk 0:08:33]}
Ke7 {[%clk 0:19:18]} 49. Bc2 {[%clk 0:07:52]} Kf7 {[%clk 0:15:55]} 50. Bb3 {[%clk
0:07:36]} Kg7 {[%clk 0:15:34]} 51. Rh3 {[%clk 0:06:19]} Rc1 {[%clk 0:12:55]} 52.
d5 {[%clk 0:05:17]} exd5+ {[%clk 0:13:05]} 53. Kxd5 {[%clk 0:05:32]} Nd7 {[%clk
0:12:48]} 54. Kd6 {[%clk 0:03:17]} Nc5 {[%clk 0:12:11]} 55. Bd5 {[%clk 0:03:40]}
Rd1 {[%clk 0:09:18]} 56. f5 {[%clk 0:02:33]} Nb7+ {[%clk 0:02:16]} 57. Ke7 {[%clk
0:01:12]} Rxd5 {[%clk 0:02:30]} 58. f6+ {[%clk 0:01:38]} Kh8 {[%clk 0:02:49]} 59.
e6 {[%clk 0:02:05]} Nd6 {[%clk 0:00:56]} 60. f7 {[%clk 0:00:40]} Nc8+ {[%clk
0:00:40]} 61. Ke8 {[%clk 0:01:09]} Nd6+ {[%clk 0:00:41]} 62. Kf8 {[%clk 0:01:10]}
Rf5 {[%clk 0:00:41]} 63. Ke7 {[%clk 0:00:44]} Nxf7 {[%clk 0:00:54]} 64. exf7
{[%clk 0:01:02]} Kg7 {[%clk 0:01:18]} 65. Ke6 {[%clk 0:00:35]} Rxf7 {[%clk
0:01:39]} 66. Kd6 {[%clk 0:00:48]} Rf5 {[%clk 0:01:52]} 67. Kc6 {[%clk 0:01:12]}
Ra5 {[%clk 0:02:14]} 68. Rh2 {[%clk 0:01:38]} g5 {[%clk 0:02:31]} 69. Kd6 {[%clk
0:00:33]} Kg6 {[%clk 0:02:52]} 70. Re2 {[%clk 0:00:58]} h5 {[%clk 0:02:49]} 71.
Ke6 {[%clk 0:00:49]} g4 {[%clk 0:02:37]} 72. fxg4 {[%clk 0:00:49]} hxg4 {[%clk
0:03:05]} 73. Re4 {[%clk 0:01:15]} g3 {[%clk 0:03:14]} 74. Re2 {[%clk 0:01:21]}
Kg5 {[%clk 0:03:35]} 75. a3 {[%clk 0:01:27]} Rxa3 {[%clk 0:03:51]} 76. Ke5 {[%clk
0:01:53]} Kg4 {[%clk 0:04:06]} 77. Ke4 {[%clk 0:02:18]} Kh3 {[%clk 0:04:16]} 78.
Kf4 {[%clk 0:02:15]} g2 {[%clk 0:04:03]} 79. Re8 {[%clk 0:02:38]} g1Q {[%clk
0:03:56]} 80. Rh8+ {[%clk 0:02:58]} Kg2 {[%clk 0:04:20]} 0-1

[Event "Greek Team Championship"]
[Site "chess24.com"]
[Date "2017.07.05"]
[Round "4"]
[White "Gkaripis, Marios Ilias"]
[Black "Kalogridis, Antonios"]
[Result "1-0"]
[Board "10"]
[WhiteElo "1187"]
[WhiteCountry "GRE"]
[WhiteFideId "25825801"]
[WhiteEloChange "17"]
[BlackElo "1492"]
[BlackCountry "GRE"]
[BlackFideId "25833901"]
[BlackEloChange "-17"]

1. d4 {[%clk 1:30:57]} d6 {[%clk 1:30:46]} 2. e4 {[%clk 1:31:13]} Nf6 {[%clk
1:30:59]} 3. Nc3 {[%clk 1:31:36]} c6 {[%clk 1:31:10]} 4. g3 {[%clk 1:31:40]} Nbd7
{[%clk 1:30:56]} 5. Bg2 {[%clk 1:31:50]} e5 {[%clk 1:31:13]} 6. Nge2 {[%clk
1:32:00]} Be7 {[%clk 1:31:20]} 7. O-O {[%clk 1:31:42]} O-O {[%clk 1:30:40]} 8. h3
{[%clk 1:31:45]} a6 {[%clk 1:26:08]} 9. a4 {[%clk 1:31:26]} b6 {[%clk 1:26:16]}
10. Be3 {[%clk 1:29:50]} Bb7 {[%clk 1:25:21]} 11. Qd2 {[%clk 1:26:51]} Re8 {[%clk
1:24:33]} 12. Rfe1 {[%clk 1:25:53]} Bf8 {[%clk 1:23:59]} 13. d5 {[%clk 1:12:39]}
cxd5 {[%clk 1:24:14]} 14. Nxd5 {[%clk 1:11:34]} Nxd5 {[%clk 1:24:24]} 15. exd5
{[%clk 1:11:44]} f5 {[%clk 1:23:19]} 16. f4 {[%clk 1:07:57]} e4 {[%clk 1:23:29]}
17. c4 {[%clk 1:00:11]} g6 {[%clk 1:21:38]} 18. Nd4 {[%clk 0:55:20]} Nc5 {[%clk
1:21:47]} 19. Bf1 {[%clk 0:49:37]} Bg7 {[%clk 1:22:00]} 20. Ra3 {[%clk 0:45:09]}
a5 {[%clk 1:20:53]} 21. b4 {[%clk 0:38:06]} axb4 {[%clk 1:20:51]} 22. Qxb4 {[%clk
0:38:01]} Ra6 {[%clk 1:20:41]} 23. Nb3 {[%clk 0:34:49]} Qc7 {[%clk 1:19:16]} 24.
Nxc5 {[%clk 0:32:30]} bxc5 {[%clk 1:19:26]} 25. Qb5 {[%clk 0:32:30]} Rb6 {[%clk
1:19:26]} 26. Qxe8+ {[%clk 0:32:30]} Bf8 {[%clk 1:19:26]} 27. a5 {[%clk 0:32:30]}
Ra6 {[%clk 1:19:26]} 28. Qa4 {[%clk 0:32:30]} Bg7 {[%clk 1:19:26]} 29. Rb1 {[%clk
0:32:30]} Bd4 {[%clk 1:19:26]} 30. Qb5 {[%clk 0:32:30]} Bc8 {[%clk 1:19:26]} 31.
Qb8 {[%clk 0:32:30]} Qd7 {[%clk 1:19:26]} 32. Rb6 {[%clk 0:32:30]} Kg7 {[%clk
1:19:26]} 33. Rxa6 {[%clk 0:32:30]} Bxa6 {[%clk 1:19:26]} 34. Qb6 {[%clk
0:32:30]} 1-0

[Event "Greek Team Championship"]
[Site "chess24.com"]
[Date "2017.07.05"]
[Round "4"]
[White "Kelires, Andreas"]
[Black "Istratescu, Andrei"]
[Result "0-1"]
[Board "1"]
[WhiteElo "2509"]
[WhiteTitle "GM"]
[WhiteCountry "GRE"]
[WhiteFideId "5900727"]
[WhiteEloChange "-4"]
[BlackElo "2593"]
[BlackTitle "GM"]
[BlackCountry "ROU"]
[BlackFideId "1200372"]
[BlackEloChange "4"]

1. d4 {[%clk 1:30:55]} Nf6 {[%clk 1:28:00]} 2. c4 {[%clk 1:31:13]} g6 {[%clk
1:28:12]} 3. Nc3 {[%clk 1:31:24]} Bg7 {[%clk 1:28:38]} 4. e4 {[%clk 1:31:40]} O-O
{[%clk 1:29:03]} 5. Be2 {[%clk 1:32:01]} d6 {[%clk 1:22:31]} 6. Bg5 {[%clk
1:32:12]} c5 {[%clk 1:21:19]} 7. d5 {[%clk 1:32:08]} e6 {[%clk 1:21:03]} 8. Nf3
{[%clk 1:31:58]} h6 {[%clk 1:10:21]} 9. Be3 {[%clk 1:28:57]} exd5 {[%clk
1:09:01]} 10. cxd5 {[%clk 1:27:25]} a6 {[%clk 0:58:52]} 11. a4 {[%clk 1:26:49]}
Ng4 {[%clk 0:57:25]} 12. Bf4 {[%clk 1:22:39]} f5 {[%clk 0:50:59]} 13. exf5 {[%clk
1:20:19]} Bxf5 {[%clk 0:50:35]} 14. O-O {[%clk 1:14:58]} Qb6 {[%clk 0:43:42]} 15.
Qd2 {[%clk 1:09:13]} g5 {[%clk 0:41:11]} 16. Bg3 {[%clk 1:08:30]} Nf6 {[%clk
0:38:03]} 17. a5 {[%clk 0:50:39]} Qd8 {[%clk 0:30:49]} 18. h3 {[%clk 0:43:56]}
Nh5 {[%clk 0:19:52]} 19. Bh2 {[%clk 0:41:42]} Nf4 {[%clk 0:20:17]} 20. Bxf4
{[%clk 0:37:55]} gxf4 {[%clk 0:20:13]} 21. Qxf4 {[%clk 0:33:45]} Bxh3 {[%clk
0:20:05]} 22. Qg3 {[%clk 0:33:30]} Bf5 {[%clk 0:20:05]} 23. Ra4 {[%clk 0:26:50]}
b5 {[%clk 0:18:09]} 24. axb6 {[%clk 0:26:23]} Qxb6 {[%clk 0:18:35]} 25. Nh4
{[%clk 0:24:19]} Qxb2 {[%clk 0:08:10]} 26. Nxf5 {[%clk 0:17:52]} Rxf5 {[%clk
0:08:18]} 27. Bd3 {[%clk 0:06:46]} Rf8 {[%clk 0:02:38]} 28. Rc4 {[%clk 0:03:32]}
Nd7 {[%clk 0:02:46]} 29. Rb1 {[%clk 0:00:55]} Qd2 {[%clk 0:02:08]} 30. Ne4 {[%clk
0:00:40]} Qf4 {[%clk 0:02:34]} 31. Qg6 {[%clk 0:00:39]} Ne5 {[%clk 0:02:35]} 32.
Qe6+ {[%clk 0:00:34]} Kh8 {[%clk 0:02:40]} 33. g3 {[%clk 0:00:31]} Qf3 {[%clk
0:02:24]} 34. Bf1 {[%clk 0:00:31]} Rae8 {[%clk 0:02:04]} 35. Qxe8 {[%clk
0:00:36]} Rxe8 {[%clk 0:02:32]} 36. Nxd6 {[%clk 0:00:37]} Rf8 {[%clk 0:02:39]}
37. Rc2 {[%clk 0:00:57]} Qxd5 {[%clk 0:03:00]} 0-1

[Event "Greek Team Championship"]
[Site "chess24.com"]
[Date "2017.07.05"]
[Round "4"]
[White "Szabo, Gergely-Andras-Gyula"]
[Black "Vlahos, Kiriakos"]
[Result "1-0"]
[Board "2"]
[WhiteElo "2546"]
[WhiteTitle "GM"]
[WhiteCountry "ROU"]
[WhiteFideId "1205064"]
[WhiteEloChange "2"]
[BlackElo "2294"]
[BlackTitle "FM"]
[BlackCountry "GRE"]
[BlackFideId "4200594"]
[BlackEloChange "-4"]

1. d4 {[%clk 1:29:29]} d5 {[%clk 1:28:31]} 2. c4 {[%clk 1:29:48]} dxc4 {[%clk
1:28:43]} 3. e4 {[%clk 1:30:13]} Nc6 {[%clk 1:28:37]} 4. Nf3 {[%clk 1:30:25]} Bg4
{[%clk 1:29:02]} 5. d5 {[%clk 1:30:25]} Ne5 {[%clk 1:29:27]} 6. Bf4 {[%clk
1:30:47]} Ng6 {[%clk 1:29:46]} 7. Be3 {[%clk 1:31:06]} Nf6 {[%clk 1:29:43]} 8.
Nc3 {[%clk 1:30:25]} e5 {[%clk 1:30:05]} 9. Bxc4 {[%clk 1:30:06]} a6 {[%clk
1:30:29]} 10. Be2 {[%clk 1:27:19]} Bd6 {[%clk 1:30:05]} 11. O-O {[%clk 1:27:12]}
O-O {[%clk 1:28:37]} 12. Nd2 {[%clk 1:26:47]} Bd7 {[%clk 1:24:54]} 13. a4 {[%clk
1:22:12]} Qe7 {[%clk 1:23:48]} 14. g3 {[%clk 1:09:09]} Bc5 {[%clk 1:22:00]} 15.
Bxc5 {[%clk 1:06:20]} Qxc5 {[%clk 1:21:53]} 16. Qb3 {[%clk 1:06:38]} a5 {[%clk
1:13:27]} 17. Rfc1 {[%clk 0:57:32]} Qb4 {[%clk 1:12:49]} 18. Qc2 {[%clk 0:51:29]}
c6 {[%clk 1:09:46]} 19. Nc4 {[%clk 0:49:44]} cxd5 {[%clk 1:05:22]} 20. exd5
{[%clk 0:49:24]} Rac8 {[%clk 1:03:24]} 21. b3 {[%clk 0:49:14]} Bg4 {[%clk
0:56:20]} 22. Bxg4 {[%clk 0:42:29]} Nxg4 {[%clk 0:56:42]} 23. d6 {[%clk 0:41:56]}
Nf6 {[%clk 0:55:47]} 24. Rd1 {[%clk 0:37:23]} Rfd8 {[%clk 0:54:37]} 25. Rac1
{[%clk 0:33:59]} Rd7 {[%clk 0:51:48]} 26. Nd5 {[%clk 0:31:49]} Nxd5 {[%clk
0:49:17]} 27. Rxd5 {[%clk 0:32:14]} Rc5 {[%clk 0:49:37]} 28. Rxc5 {[%clk
0:24:04]} Qxc5 {[%clk 0:47:57]} 29. Qd2 {[%clk 0:24:10]} Qb4 {[%clk 0:37:37]} 30.
Qe3 {[%clk 0:17:56]} f6 {[%clk 0:36:41]} 31. Qf3 {[%clk 0:10:33]} Qc5 {[%clk
0:36:32]} 32. Rd1 {[%clk 0:10:57]} Kf7 {[%clk 0:29:00]} 33. Rd5 {[%clk 0:09:32]}
Qb4 {[%clk 0:25:43]} 34. Qe3 {[%clk 0:08:30]} Ne7 {[%clk 0:23:10]} 35. Rb5 {[%clk
0:08:42]} Nf5 {[%clk 0:24:05]} 36. Qe4 {[%clk 0:09:01]} 1-0

[Event "Greek Team Championship"]
[Site "chess24.com"]
[Date "2017.07.05"]
[Round "4"]
[White "Anagnostopoulos, Konstantinos"]
[Black "Tsekouras, Theodoros"]
[Result "1-0"]
[Board "3"]
[WhiteElo "2200"]
[WhiteCountry "GRE"]
[WhiteFideId "4251067"]
[WhiteEloChange "11"]
[BlackElo "2225"]
[BlackCountry "GRE"]
[BlackFideId "4203402"]
[BlackEloChange "-11"]

1. c4 {[%clk 1:30:26]} e5 {[%clk 1:29:44]} 2. g3 {[%clk 1:30:50]} Nc6 {[%clk
1:29:05]} 3. Nc3 {[%clk 1:28:12]} Bc5 {[%clk 1:28:44]} 4. Bg2 {[%clk 1:26:52]} d6
{[%clk 1:28:57]} 5. a3 {[%clk 1:24:00]} a6 {[%clk 1:28:29]} 6. e3 {[%clk
1:23:45]} Ba7 {[%clk 1:28:06]} 7. b4 {[%clk 1:19:25]} h5 {[%clk 1:23:52]} 8. h3
{[%clk 1:15:59]} Nge7 {[%clk 1:13:19]} 9. Nge2 {[%clk 1:15:41]} h4 {[%clk
1:07:45]} 10. g4 {[%clk 1:13:32]} f5 {[%clk 1:03:07]} 11. b5 {[%clk 1:01:07]}
axb5 {[%clk 0:55:10]} 12. cxb5 {[%clk 1:01:32]} Na5 {[%clk 0:53:41]} 13. Nd5
{[%clk 0:53:32]} Be6 {[%clk 0:37:49]} 14. Nec3 {[%clk 0:51:48]} e4 {[%clk
0:27:51]} 15. gxf5 {[%clk 0:34:44]} Bxd5 {[%clk 0:23:36]} 16. f6 {[%clk 0:30:59]}
gxf6 {[%clk 0:20:31]} 17. Nxd5 {[%clk 0:31:25]} Nxd5 {[%clk 0:20:13]} 18. Bxe4
{[%clk 0:29:55]} Ne7 {[%clk 0:11:31]} 19. Bb2 {[%clk 0:26:43]} Qd7 {[%clk
0:06:42]} 20. Bxf6 {[%clk 0:26:19]} O-O-O {[%clk 0:06:14]} 21. Qa4 {[%clk
0:25:53]} Bb6 {[%clk 0:06:14]} 22. Bc3 {[%clk 0:25:53]} Rh5 {[%clk 0:00:45]} 23.
Bxa5 {[%clk 0:25:54]} Rxb5 {[%clk 0:00:56]} 24. Bb4 {[%clk 0:25:51]} Kb8 {[%clk
0:00:35]} 25. Rg1 {[%clk 0:24:58]} c6 {[%clk 0:00:34]} 26. Rg4 {[%clk 0:22:34]}
Qe6 {[%clk 0:00:43]} 27. Bd3 {[%clk 0:21:09]} Rh5 {[%clk 0:00:43]} 28. Rb1 {[%clk
0:21:30]} Kc7 {[%clk 0:00:39]} 29. Bc3 {[%clk 0:18:54]} Rd7 {[%clk 0:00:34]} 30.
Rxb6 {[%clk 0:15:35]} Kxb6 {[%clk 0:00:57]} 31. Rb4+ {[%clk 0:15:59]} Kc7 {[%clk
0:00:44]} 32. Qa8 {[%clk 0:16:02]} Nc8 {[%clk 0:00:37]} 33. Rxb7+ {[%clk
0:16:00]} Kd8 {[%clk 0:01:01]} 34. Ba5+ {[%clk 0:15:58]} Ke7 {[%clk 0:01:14]} 35.
Be2 {[%clk 0:02:59]} Rg5 {[%clk 0:00:36]} 36. Bg4 {[%clk 0:00:42]} Rxg4 {[%clk
0:00:52]} 37. hxg4 {[%clk 0:01:08]} Qxg4 {[%clk 0:00:34]} 38. Qxc8 {[%clk
0:00:58]} Qg1+ {[%clk 0:00:43]} 39. Ke2 {[%clk 0:01:21]} Qg4+ {[%clk 0:01:06]}
40. Ke1 {[%clk 0:31:35]} Qg1+ {[%clk 0:31:12]} 41. Ke2 {[%clk 0:32:02]} Qg4+
{[%clk 0:29:22]} 42. Kf1 {[%clk 0:26:12]} Qc4+ {[%clk 0:20:58]} 43. Kg1 {[%clk
0:25:10]} Qg4+ {[%clk 0:21:06]} 44. Kh2 {[%clk 0:25:18]} 1-0